| 000 | 02120cam a22003854a 4500 | ||
|---|---|---|---|
| 001 | 14018014 | ||
| 005 | 20101103092602.0 | ||
| 008 | 050628s2005 nyua b 001 0 eng | ||
| 010 | _a 2005051171 | ||
| 020 | _a1403996857 | ||
| 020 | _a9781403996855 (pbk.) | ||
| 035 | _a(OCoLC)ocm60320517 | ||
| 040 |
_aDLC _cDLC _dUKM _dBAKER _dC#P _dNLGGC _dCRH _dMUQ _dBTCTA _dYDXCP _dKAAUA _dDLC |
||
| 042 | _apcc | ||
| 050 | 0 | 0 |
_aBF441 _b.C68 2005 |
| 082 | 0 | 0 |
_a160 _222 _bCOR |
| 100 | 1 |
_aCottrell, Stella. _921699 |
|
| 245 | 1 | 0 |
_aCritical Thinking Skills : _bDeveloping Effective Analysis and Argument / _cStella Cottrell. |
| 260 |
_aNew York : _bPalgrave Macmillan, 2005 _c2005. |
||
| 300 |
_axiv, 250 p. : _bill. ; _c25 cm. |
||
| 490 |
_920971 _aPalgrave study guides |
||
| 504 | _aIncludes bibliographical references (p. 246-247) and index. | ||
| 541 | _aMrs. Sue Dodd ; | ||
| 650 | 0 |
_aCritical thinking. _921700 |
|
| 856 | 4 | 2 |
_3Contributor biographical information _uhttp://www.loc.gov/catdir/enhancements/fy1101/2005051171-b.html |
| 856 | 4 | 2 |
_3Publisher description _uhttp://www.loc.gov/catdir/enhancements/fy1101/2005051171-d.html |
| 856 | 4 | 1 |
_3Table of contents only _uhttp://www.loc.gov/catdir/enhancements/fy1101/2005051171-t.html |
| 942 |
_2ddc _cBB |
||
| 999 |
_c14881 _d14881 |
||